LIBRARY & INFORMATION CENTRE, KCAET, TAVANUR

ONLINE PUBLIC ACCESS CATALOGUE (OPAC)

Food science / (Record no. 2674)

MARC details
000 -LEADER
fixed length control field 00501cam a2200193ua 4500
020 ## - INTERNATIONAL STANDARD BOOK NUMBER
ISBN 81 239 0472 x
041 ## - LANGUAGE CODE
Language code of text/sound track or separate title eng
082 ## - DEWEY DECIMAL CLASSIFICATION NUMBER
Classification number 664
Item number POT/FO
100 ## - MAIN ENTRY--AUTHOR NAME
Personal name Potter, Norman N .
245 ## - TITLE STATEMENT
Title Food science /
250 ## - EDITION STATEMENT
Edition statement 1 /
260 ## - PUBLICATION, DISTRIBUTION, ETC. (IMPRINT)
Place of publication Newdelhi :
Name of publisher C B S publishers & distributors ,
Year of publication 1996.
300 ## - PHYSICAL DESCRIPTION
Number of Pages 608 ; .
700 1# - ADDED ENTRY--PERSONAL NAME
Personal name Hotchkiss, Joseph H .
942 ## - ADDED ENTRY ELEMENTS (KOHA)
Koha item type Books
Holdings
Withdrawn status Lost status Damaged status Home library Current library Date acquired Full call number Accession Number Koha item type
      KAUAET KAUAET 07/04/2012 664 19663 Books
free website counter